Statistics for A.C. Milan midfielders by Name

Click here to take the quiz!

General Stats

  • This quiz has been taken 322 times
  • The average score is 9 of 15

Answer Stats

HintAnswer% Correct
Gennaro (1978)Gattuso
99%
Clarence (1976)Seedorf
86%
Keisuke (1986)Honda
83%
Andrea (1979)Pirlo
83%
Nigel (1984)De Jong
77%
Gianni (1943)Rivera
70%
Zvonimir (1968)Boban
69%
Demetrio (1971)Albertini
62%
Ricardo (1982)Kakà
61%
Frank (1962)Rijkaard
54%
Fabio (1946)Capello
42%
Nils Erik (1922)Liedholm
41%
Manuel (1972)Rui Costa
38%
Fernando (1969)Redondo
37%
Giovanni (1939)Trapattoni
25%

Score Distribution

Percentile by Number Answered

Percent of People with Each Score

Your Score History

You have not taken this quiz